| 000 | 00432nam a2200157Ia 4500 | ||
|---|---|---|---|
| 008 | 220214s9999 xx 000 0 und d | ||
| 100 | _aLowry Oliver H | ||
| 245 | 0 | _aProtein measurement with the folin phenol reagent | |
| 260 |
_bJournal of Biological Chemistry _c1951 |
||
| 300 | _a265-275 | ||
| 650 | _aProtein measurement | ||
| 700 | _aFarr A Lewis | ||
| 700 | _aRandall Rose J | ||
| 700 | _aRosebrough Nira J | ||
| 942 | _cRE | ||
| 999 |
_c45498 _d45498 |
||